000 00808nam a22002777a 4500
001 BR9208368
003 BR-BrBNA
005 20230928093706.0
007 ta
008 230509b bl.||||| |||| 00| 0 por d
040 _aBR-BrBNA
_bpor
_cBiblioteca Nacional de Agricultura
041 _a(Por)
072 _aN01; P10; F06
090 _ N01 BR9208368
110 1 _aDepartamento Nacional de Obras Contra as Secas, Salvador, BA (Brasil)
_93325
245 1 _aProjeto de irrigacao no vale do rio Vaza-Barris. Orcamentos 2
260 3 _aSalvador, BA (Brasil):
_c1971.
300 _a454 p.
650 _aENGENHARIA HIDRAULICA
650 _aMANEJO DE AGUA
650 _aPROJETO DE DESENVOLVIMENTO
650 _aIRRIGACAO
650 _aORCAMENTO
909 _a202309
_bLucia
_c55
_dLucia Elande
942 _cBK
999 _c46519
_d46519